| 000 | 00535nam a2200169 i 4500 | ||
|---|---|---|---|
| 001 | 87708 | ||
| 003 | ES-MaACL | ||
| 007 | t| | ||
| 008 | 041223s1962 sp ||||1| spa d | ||
| 100 | 1 |
_aKunkler, Peter B. _969030 |
|
| 245 | 1 | 0 |
_aTratamiento del cáncer en la práctica clínica / _cdirigido por Peter B. Kunkler, Anthony J.H. Rains. |
| 250 | _a[1ª ed.]. | ||
| 260 |
_aBarcelona, etc. : _bSalvat, _c1962. |
||
| 300 |
_aXX, 597 p. : _bil. ; _c25 cm. |
||
| 700 | 1 |
_aRains, Anthony J. H. _995036 |
|
| 852 |
_aES-MaACL _jG-3875 _bR.51344 |
||
| 999 |
_c87708 _d87708 |
||